• 首页
  • 本馆介绍
  • 公告通知
  • 最新文献
  • 馆藏检索
  • 电子资源
  • 读者导购
  • 参考咨询
  • 我的图书馆
  • 登录
  • 详细信息显示
  • 放入我的书架
  • 预约/预借图书
  • 作者相关作品
  • 分类相关作品
  • 丛书相关作品
  • 出版社相关作品

书目信息

  • 表格格式
  • 工作单格式
  • 卡片格式
题名:
全国法律硕士专业学位研究生入学全国联考重点难点300问
    
 
作者: ;法硕联考命题研究组 编
分册:  
出版信息: 北京   中国人民大学出版社  2005
页数: 774页
开本: 26cm
丛书名:
单 册:
中图分类: D9
科图分类:
主题词: 法律--研究生--入学考试--升学参考资料 , 法律
电子资源:
ISBN: 7-300-04864-1
000 00963nam0 2200241 450
001 002733337
005 20061112081154.71
010    @a7-300-04864-1@dCNY85.00
100    @a20041207d2005 em y0chiy0110 ea
101 0  @achi
102    @aCN@b110000
105    @ay q 000yy
200 1  @a全国法律硕士专业学位研究生入学全国联考重点难点300问@9quan guo fa lu^ shuo shi zhuan ye xue wei yan jiu sheng ru xue quan guo lian kao zhong dian nan dian 300 wen@f法硕联考命题研究组[编]
205    @a3版
210    @a北京@c中国人民大学出版社@d2005
215    @a774页@d26cm
330    @a本书紧扣2006年法律硕士考试《考试大纲》及《考试指南》,对考试重点、难点进行了分析,并在各章后给出了大量练习题。考生通过阅读和做题,可以了解考试的命题方式和命题方向。
606 0  @a法律@x研究生@x入学考试@j升学参考资料
606 0  @a法律
690    @aD9@v4
711 02 @a法硕联考命题研究组@9fa shuo lian kao ming ti yan jiu zu@4编
801  0 @aCN@bNLC@c20061112
905    @a10447@dD9@e274
    
    全国法律硕士专业学位研究生入学全国联考重点难点300问/法硕联考命题研究组[编].-3版.-北京:中国人民大学出版社,2005
    774页;26cm
    
    
    ISBN 7-300-04864-1:CNY85.00
    本书紧扣2006年法律硕士考试《考试大纲》及《考试指南》,对考试重点、难点进行了分析,并在各章后给出了大量练习题。考生通过阅读和做题,可以了解考试的命题方式和命题方向。
●
相关链接 在E读中查询图书 在五车中查询图书 在当当中查询图书 在豆瓣中查询图书


正题名:全国法律硕士专业学位研究生入学全国联考重点难点300问     索取号:D9/274         预约/预借

序号 登录号 条形码 馆藏地/架位号 状态 备注
1 0383959   203839597   第一样本阅览室/ [索取号:D9/274] 在馆    
2 0383960   203839604   第一借阅区/ [索取号:D9/274] 在馆    
3 0383961   203839613   第一借阅区/ [索取号:D9/274] 在馆    
唐山师范学院图书馆 欢迎您!
大连网信软件有限公司© 版权所有